000 00338nam a2200157Ia 4500
100 _aBret/Spell
650 _aJava Programming
942 _cBK
366 _f20
654 _ajava
245 _aProfessional Java Programming
260 _bWrox Press Ltd
_c2001
082 _a005.133J/BRE
_bBRE
300 _a1110
546 _aENGLISH
999 _c33922
_d33922